| 000 | 00615cam a2200229 4500 | ||
|---|---|---|---|
| 001 | B1558 | ||
| 008 | 090401t1988 xxu||||| |||| 00| 0 eng d | ||
| 035 | _a(Sirsi) u45205 | ||
| 041 | _aeng | ||
| 050 | _a692.3 | ||
| 100 | _aCrawshaw, D.T. | ||
| 245 | _aProduction drawings : arrangement and content | ||
| 260 |
_aGarston,Watford _bBuilding Research Establishment _c1988 |
||
| 300 | _a(4)p. ; 30cm. | ||
| 350 | _a0 | ||
| 490 |
_aBRE Information Paper _v3/88 |
||
| 650 | _aCO-ORDINATING COMMITTEE FOR PROJECT INFORMATION | ||
| 650 | _aDRAWINGS | ||
| 700 | _aSnook, K. | ||
| 942 | _n0 | ||
| 948 | _c04/03/1997 | ||
| 999 |
_c91658 _d91658 |
||